[Event "Dundee & Angus op"]
[Site "Dundee"]
[Date "2010.10.17"]
[Round "4"]
[White "Constantinou, Peter"]
[Black "Rutherford, Elaine"]
[Result "1-0"]
[WhiteElo "2336"]
[BlackElo "2034"]
[PlyCount "63"]
[EventDate "2010.10.15"]
[EventType "swiss"]
[EventRounds "5"]
[EventCountry "SCO"]
[SourceTitle "EXT 2017"]
[Source "ChessBase"]
[SourceDate "2016.10.25"]
[SourceVersion "1"]
[SourceVersionDate "2016.10.25"]
[SourceQuality "1"]

1. d4 d5 2. Bf4 Nf6 3. e3 c6 4. c4 Qa5+ 5. Nc3 Ne4 6. Qb3 e6 7. Bd3 Nd6 8. c5 Nf5 9. Nf3 Be7 10. Qc2 Nd7 11. a3 h6 12. h3 Nh4 13. Nxh4 Bxh4 14. Bd6 Bf6 15. 0-0 e5 16. b4 Qd8 17. e4 exd4 18. exd5 dxc3 19. Rae1+ Ne5 20. Qxc3 Be6 21. Rxe5 Bxe5 22. Qxe5 Qf6 23. dxe6 Qxe5 24. Bxe5 0-0 25. e7 Rfe8 26. Bd6 g6 27. f4 b5 28. Be4 Rac8 29. f5 Kg7 30. fxg6 fxg6 31. Rf8 Rxe7 32. Bxe7 1-0

[Event "Dundee & Angus op"]
[Site "Dundee"]
[Date "2010.10.15"]
[Round "2"]
[White "Durno, Joy"]
[Black "Rutherford, Elaine"]
[Result "0-1"]
[WhiteElo "1700"]
[BlackElo "2034"]
[PlyCount "96"]
[EventDate "2010.10.15"]
[EventType "swiss"]
[EventRounds "5"]
[EventCountry "SCO"]
[SourceTitle "EXT 2017"]
[Source "ChessBase"]
[SourceDate "2016.10.25"]
[SourceVersion "1"]
[SourceVersionDate "2016.10.25"]
[SourceQuality "1"]

1. d4 d5 2. Nf3 Nf6 3. c3 g6 4. Bf4 Bg7 5. Nbd2 0-0 6. e3 c6 7. Be2 Bg4 8. h3 Bxf3 9. Nxf3 Nbd7 10. 0-0 Ne4 11. Qc2 Re8 12. Rfd1 Qb6 13. Rab1 Rac8 14. Bd3 Nd6 15. Ne5 Rcd8 16. Nxd7 Rxd7 17. Bxd6 Rxd6 18. c4 dxc4 19. Bxc4 e6 20. b4 Qc7 21. a4 Red8 22. Bb3 Qd7 23. Rbc1 Bf8 24. Qe4 Qe8 25. Qe5 a6 26. Qa5 e5 27. Qxe5 Qxe5 28. dxe5 Rxd1+ 29. Rxd1 Rxd1+ 30. Bxd1 Bxb4 31. Bb3 Kf8 32. e6 f5 33. Kf1 b5 34. Ke2 Ke7 35. Kd3 Kd6 36. axb5 axb5 37. e4 c5 38. Bd5 c4+ 39. Ke2 fxe4 40. Bxe4 Bc5 41. f4 Kxe6 42. g4 b4 43. Kf3 b3 44. Ke2 c3 45. f5+ Kf6 46. fxg6 hxg6 47. h4 c2 48. Kd2 Be3+ 0-1

[Event "Olympiad Women-39"]
[Site "Khanty-Mansiysk"]
[Date "2010.10.01"]
[Round "10.40"]
[White "Rutherford, Elaine"]
[Black "Blackburn, Suzie G"]
[Result "1-0"]
[WhiteElo "2080"]
[BlackElo "1939"]
[PlyCount "93"]
[EventDate "2010.09.21"]
[EventType "team-swiss"]
[EventRounds "11"]
[EventCountry "RUS"]
[SourceTitle "CBM 139"]
[Source "ChessBase"]
[SourceDate "2010.11.18"]
[SourceVersion "1"]
[SourceVersionDate "2010.11.18"]
[SourceQuality "1"]
[WhiteTeam "Scotland (W)"]
[BlackTeam "Wales (W)"]
[WhiteTeamCountry "SCO"]
[BlackTeamCountry "WLS"]

1. e4 e6 2. d4 d5 3. Nd2 c5 4. exd5 Qxd5 5. Ngf3 cxd4 6. Bc4 Qd6 7. 0-0 Nf6 8. Nb3 Nc6 9. Nbxd4 Nxd4 10. Nxd4 a6 11. c3 Qc7 12. Bd3 Bd6 13. h3 h6 14. Qf3 Be5 15. Re1 0-0 16. Qe2 Bd6 17. Bd2 b5 18. a4 bxa4 19. Rxa4 e5 20. Nf3 Bb7 21. Bxa6 Qb6 22. Be3 Bxa6 23. Bxb6 Bxe2 24. Rxa8 Rxa8 25. Rxe2 Ra1+ 26. Re1 Ra2 27. Rd1 Ne4 28. Nd2 Bc5 29. Bxc5 Nxc5 30. Nc4 f6 31. f3 Ra4 32. b4 Ne6 33. Nb6 Ra2 34. Nd5 Rb2 35. Rc1 Kf7 36. Kf1 Ke8 37. Ne3 Nf4 38. Rc2 Rb1+ 39. Kf2 Kd7 40. Nf5 Rb3 41. Ke3 Nd5+ 42. Kd2 Nf4 43. Kc1 Nd5 44. Rd2 Kc6 45. Kc2 Rxc3+ 46. Kb2 Rc4 47. b5+ 1-0

[Event "BCF-chT3 0607 (4NCL)"]
[Site "Sunningdale"]
[Date "2007.03.04"]
[Round "8.6"]
[White "Rutherford, Elaine"]
[Black "Ackley, Peter JE"]
[Result "0-1"]
[WhiteElo "2091"]
[BlackElo "2115"]
[PlyCount "42"]
[EventDate "2006.09.16"]
[EventType "team"]
[EventRounds "11"]
[EventCountry "ENG"]
[SourceTitle "EXT 2008"]
[Source "ChessBase"]
[SourceDate "2007.11.25"]
[SourceVersion "1"]
[SourceVersionDate "2007.11.25"]
[SourceQuality "1"]
[WhiteTeam "Pride and Prejudice "]
[BlackTeam "Mindsports"]
[WhiteTeamCountry "ENG"]
[BlackTeamCountry "ENG"]

1. e4 e6 2. d4 d5 3. Nd2 Be7 4. c3 c5 5. exd5 exd5 6. Ngf3 Nf6 7. dxc5 Bxc5 8. Nb3 Bb6 9. Be2 0-0 10. 0-0 Ne4 11. Nbd4 Bg4 12. Qd3 Nc6 13. Be3 Re8 14. Rfe1 Qf6 15. Nc2 Bxf3 16. gxf3 Ne5 17. Qxd5 Nxf3+ 18. Bxf3 Qxf3 19. Qd1 Ng5 20. h4 Nh3+ 21. Kh2 Bc7+ 0-1

[Event "Politiken Cup 28th"]
[Site "Copenhagen"]
[Date "2006.07.30"]
[Round "9"]
[White "Rutherford, Elaine"]
[Black "Skovgaard, Tom"]
[Result "1-0"]
[WhiteElo "2093"]
[BlackElo "2004"]
[PlyCount "119"]
[EventDate "2006.07.22"]
[EventType "swiss"]
[EventRounds "9"]
[EventCountry "DEN"]
[SourceTitle "CBM 113 Extra"]
[Source "ChessBase"]
[SourceDate "2006.09.14"]
[SourceVersion "1"]
[SourceVersionDate "2006.09.14"]
[SourceQuality "1"]

1. e4 d5 2. exd5 Qxd5 3. Nc3 Qd6 4. Nf3 a6 5. d4 Nc6 6. Be2 Bg4 7. Be3 e6 8. h3 Bxf3 9. Bxf3 Nf6 10. d5 exd5 11. Nxd5 Nxd5 12. Qxd5 Qxd5 13. Bxd5 Nd8 14. 0-0-0 Bd6 15. Rhe1 0-0 16. Bg5 Nc6 17. Bxc6 bxc6 18. Be7 Bf4+ 19. Kb1 Rfe8 20. b3 Rac8 21. Rd7 Bd6 22. Kb2 a5 23. a4 Rb8 24. Re4 h6 25. Kc3 Rbc8 26. Kc4 Rb8 27. Kc3 Rbc8 28. Kd4 Bxe7 29. Rexe7 Rxe7 30. Rxe7 Kf8 31. Re5 Ra8 32. Kc5 Ra6 33. f4 g6 34. g4 Rb6 35. Kd4 Ra6 36. Ke4 f6 37. Rc5 Ke7 38. f5 g5 39. Kd4 Kd7 40. Rc3 h5 41. gxh5 Ra8 42. Kc5 Rh8 43. Rd3+ Ke7 44. Kxc6 Rxh5 45. Kxc7 Rh4 46. c4 Rf4 47. c5 Rxf5 48. c6 Rc5 49. Kb7 f5 50. c7 f4 51. c8Q Rxc8 52. Kxc8 Ke6 53. Rc3 Kd5 54. Kd7 Kd4 55. Rc8 f3 56. Ke6 f2 57. Rc1 Ke4 58. Kf6 Kf4 59. Rf1 Kg3 60. Kxg5 1-0

[Event "Politiken Cup 28th"]
[Site "Copenhagen"]
[Date "2006.07.29"]
[Round "8"]
[White "Petersen, Nils"]
[Black "Rutherford, Elaine"]
[Result "1/2-1/2"]
[WhiteElo "2007"]
[BlackElo "2093"]
[PlyCount "134"]
[EventDate "2006.07.22"]
[EventType "swiss"]
[EventRounds "9"]
[EventCountry "DEN"]
[SourceTitle "CBM 113 Extra"]
[Source "ChessBase"]
[SourceDate "2006.09.14"]
[SourceVersion "1"]
[SourceVersionDate "2006.09.14"]
[SourceQuality "1"]

1. c4 e5 2. Nc3 Bb4 3. e3 Bxc3 4. bxc3 d6 5. d4 Nc6 6. Nf3 f5 7. dxe5 dxe5 8. Qxd8+ Kxd8 9. Ba3 Nf6 10. 0-0-0+ Ke8 11. Rd2 h6 12. Ne1 Ne4 13. Rc2 Be6 14. c5 Na5 15. f3 Nf6 16. c4 Nd7 17. Kb2 Kf7 18. Kc3 e4 19. f4 Nf6 20. g3 Rad8 21. Be2 Ng4 22. Bc1 Nf2 23. Bh5+ g6 24. Bxg6+ Kxg6 25. Rxf2 Rd1 26. Kc2 Rd7 27. Bb2 Rhd8 28. Bd4 Nc6 29. Bc3 Bxc4 30. Ng2 Rd5 31. Rd2 Bd3+ 32. Kb2 Rxc5 33. Rhd1 Rb5+ 34. Ka1 Bc2 35. Rxd8 Nxd8 36. Rc1 Bd3 37. Be5 Nc6 38. Bxc7 Kh5 39. a3 Kg4 40. Nh4 Kh3 41. Rh1 Bc4 42. a4 Rd5 43. Kb2 Rd7 44. Be5 Nxe5 45. fxe5 Be6 46. Rf1 Kxh2 47. Nxf5 Bxf5 48. Rxf5 Kxg3 49. Kc3 a6 50. e6 Re7 51. Rf6 h5 52. Kd4 h4 53. Ke5 h3 54. Kd6 h2 55. Rg6+ Kf2 56. Rh6 Re8 57. Rxh2+ Kxe3 58. Kd7 Rg8 59. e7 Kd3 60. e8Q Rxe8 61. Kxe8 b5 62. a5 e3 63. Rh6 e2 64. Rd6+ Kc2 65. Re6 Kd3 66. Rd6+ Kc4 67. Re6 Kd3 1/2-1/2

[Event "Politiken Cup 28th"]
[Site "Copenhagen"]
[Date "2006.07.28"]
[Round "7"]
[White "Rutherford, Elaine"]
[Black "Jensen, Paul Johan"]
[Result "1-0"]
[WhiteElo "2093"]
[BlackElo "1893"]
[PlyCount "63"]
[EventDate "2006.07.22"]
[EventType "swiss"]
[EventRounds "9"]
[EventCountry "DEN"]
[SourceTitle "CBM 113 Extra"]
[Source "ChessBase"]
[SourceDate "2006.09.14"]
[SourceVersion "1"]
[SourceVersionDate "2006.09.14"]
[SourceQuality "1"]

1. e4 d5 2. exd5 Nf6 3. Bb5+ Bd7 4. Be2 Nxd5 5. d4 Bf5 6. c4 Nf6 7. Nc3 e6 8. Qb3 Qc8 9. Bf3 c6 10. Bf4 Be7 11. Nb5 Na6 12. Nd6+ Bxd6 13. Bxd6 Qd7 14. Be5 0-0-0 15. h3 Nc5 16. dxc5 Qd2+ 17. Kf1 Rd3 18. Bc3 Qh6 19. Be2 Ne4 20. Bxd3 Nxc5 21. Qa3 Bxd3+ 22. Ke1 Ne4 23. Qxa7 Qg6 24. Qa8+ Kc7 25. Qa5+ Kc8 26. Be5 Kd7 27. Qc7+ Ke8 28. Qc8+ Ke7 29. Qxb7+ Kd8 30. Qc7+ Ke8 31. Qxc6+ Kd8 32. Rd1 1-0

[Event "Politiken Cup 28th"]
[Site "Copenhagen"]
[Date "2006.07.27"]
[Round "6"]
[White "Wilsbeck, Jan Borge"]
[Black "Rutherford, Elaine"]
[Result "1-0"]
[WhiteElo "1931"]
[BlackElo "2093"]
[PlyCount "67"]
[EventDate "2006.07.22"]
[EventType "swiss"]
[EventRounds "9"]
[EventCountry "DEN"]
[SourceTitle "CBM 113 Extra"]
[Source "ChessBase"]
[SourceDate "2006.09.14"]
[SourceVersion "1"]
[SourceVersionDate "2006.09.14"]
[SourceQuality "1"]

1. e4 d5 2. exd5 Qxd5 3. Nc3 Qa5 4. d4 Nf6 5. Bc4 c6 6. Nge2 Bf5 7. f3 Nbd7 8. g4 Bg6 9. Nf4 Nb6 10. Bb3 Nbd5 11. Nfxd5 Nxd5 12. Bd2 Nxc3 13. Bxc3 Qc7 14. Qe2 e6 15. 0-0-0 0-0-0 16. h4 h5 17. Bxe6+ Kb8 18. Bb3 f6 19. Kb1 Bd6 20. Qg2 Bf4 21. Be6 Rhe8 22. d5 Qd6 23. a3 Qc5 24. gxh5 Bxh5 25. Bg4 Bf7 26. Bb4 Qb5 27. dxc6 Rxd1+ 28. Rxd1 bxc6 29. Qf2 f5 30. Qd4 Be3 31. Qd7 Qc4 32. b3 Qe6 33. Bd6+ Ka8 34. Qxc6# 1-0

[Event "BCF-ch"]
[Site "Edinburgh"]
[Date "2003.07.19"]
[Round "6"]
[White "Rutherford, Elaine"]
[Black "Anderton, Matthew"]
[Result "0-1"]
[WhiteElo "2061"]
[BlackElo "2237"]
[PlyCount "92"]
[EventDate "2003.07.14"]
[EventType "swiss"]
[EventRounds "11"]
[EventCountry "SCO"]
[SourceTitle "CBM 095 Extra"]
[Source "ChessBase"]
[SourceDate "2003.09.04"]
[SourceVersion "1"]
[SourceVersionDate "2003.09.04"]
[SourceQuality "1"]

1. e4 e6 2. d4 d5 3. Nd2 Nf6 4. e5 Nfd7 5. c3 c5 6. Bd3 Nc6 7. Ne2 Qb6 8. Nf3 cxd4 9. cxd4 f6 10. exf6 Nxf6 11. 0-0 Bd6 12. Re1 0-0 13. Bf4 e5 14. Bxe5 Bxe5 15. dxe5 Ng4 16. Rf1 Ncxe5 17. Ned4 Nxf3+ 18. Nxf3 Qxb2 19. Bc2 Nf6 20. Qd3 Qb4 21. Rfe1 Bd7 22. Rab1 Qa5 23. Ng5 Rae8 24. Red1 Qa6 25. Qb3 h6 26. Rxd5 Ba4 27. Qxa4 Qxa4 28. Bxa4 Nxd5 29. Bxe8 Rxe8 30. Nf3 Re2 31. Ra1 a5 32. Kf1 Rb2 33. Nd4 a4 34. g3 a3 35. Nb3 Nc3 36. Nc1 Kf7 37. Kg2 Ke6 38. Kf3 b5 39. h4 b4 40. Ke3 Kd5 41. Nd3 Re2+ 42. Kf4 Kc4 43. Ne5+ Kb5 44. Kf5 Rxa2 45. Re1 Rxf2+ 46. Kg6 Re2 0-1

[Event "BCF-ch"]
[Site "Edinburgh"]
[Date "2003.07.15"]
[Round "2"]
[White "Radovanovic, Jovica"]
[Black "Rutherford, Elaine"]
[Result "1-0"]
[WhiteElo "2239"]
[BlackElo "2061"]
[PlyCount "53"]
[EventDate "2003.07.14"]
[EventType "swiss"]
[EventRounds "11"]
[EventCountry "SCO"]
[SourceTitle "CBM 095 Extra"]
[Source "ChessBase"]
[SourceDate "2003.09.04"]
[SourceVersion "1"]
[SourceVersionDate "2003.09.04"]
[SourceQuality "1"]

1. e4 e5 2. Nf3 d6 3. d4 exd4 4. Nxd4 Nf6 5. Nc3 Be7 6. g3 c6 7. Bg2 0-0 8. 0-0 Re8 9. h3 g6 10. Bh6 Nbd7 11. Qd2 Nf8 12. Rad1 Qa5 13. Rfe1 Ne6 14. Nd5 Qxd2 15. Nxe7+ Rxe7 16. Rxd2 Ne8 17. c4 a6 18. b3 Rb8 19. Nxe6 fxe6 20. Bg5 Rf7 21. c5 d5 22. exd5 Nc7 23. dxc6 bxc6 24. Rd8+ Rf8 25. Rxf8+ Kxf8 26. Bf4 Rb7 27. Bxc6 1-0

[Event "Hawick Major op"]
[Site "Hawick"]
[Date "2003.??.??"]
[Round "1"]
[White "Rutherford, Elaine"]
[Black "Collins, Sam Sr"]
[Result "1-0"]
[WhiteElo "2130"]
[BlackElo "1835"]
[PlyCount "27"]
[EventDate "2003.06.??"]
[EventType "swiss"]
[EventRounds "5"]
[EventCountry "SCO"]
[SourceTitle "EXT 2010"]
[Source "ChessBase"]
[SourceDate "2010.11.25"]
[SourceVersion "1"]
[SourceVersionDate "2010.11.25"]
[SourceQuality "1"]

1. e4 e6 2. d4 d5 3. Nd2 Nf6 4. e5 Nfd7 5. c3 Be7 6. Bd3 0-0 7. Ne2 f6 8. Nf4 Nxe5 9. dxe5 fxe5 10. Qh5 Rxf4 11. Qxh7+ Kf8 12. Nf3 Ra4 13. Nxe5 Bf6 14. Bg5 1-0

[Event "SCO-ch"]
[Site "Stirling"]
[Date "2002.07.12"]
[Round "7"]
[White "Rutherford, Elaine"]
[Black "McGowan, Daniel"]
[Result "1/2-1/2"]
[WhiteElo "2061"]
[BlackElo "2016"]
[PlyCount "63"]
[EventDate "2002.07.06"]
[EventType "swiss"]
[EventRounds "9"]
[EventCountry "SCO"]
[SourceTitle "CBM 089 Extra"]
[Source "ChessBase"]
[SourceDate "2002.09.10"]
[SourceVersion "2"]
[SourceVersionDate "2002.09.10"]
[SourceQuality "1"]

1. e4 e6 2. d4 d5 3. Nd2 c5 4. exd5 Qxd5 5. dxc5 Bxc5 6. Ngf3 Nf6 7. Bd3 Nc6 8. 0-0 0-0 9. b3 Ne5 10. Nxe5 Qxe5 11. Rb1 Nd5 12. Bb2 Qc7 13. Ne4 Be7 14. Qh5 f5 15. Ng5 h6 16. Nh3 Bd6 17. Kh1 Nf6 18. Qe2 e5 19. Bc4+ Kh8 20. Rbd1 f4 21. Rxd6 Qxd6 22. Bxe5 Qc6 23. Nxf4 Bf5 24. Bd3 Nd5 25. Bxf5 Rxf5 26. Ne6 Rf7 27. Rd1 Nc3 28. Bxc3 Qxc3 29. Nd8 Rf8 30. Ne6 Rfe8 31. f4 Rac8 32. Qg4 1/2-1/2

[Event "BCF-chT 0102 (4NCL)"]
[Site "Birmingham"]
[Date "2001.09.23"]
[Round "2.8"]
[White "Rutherford, Elaine"]
[Black "Collier, David"]
[Result "1/2-1/2"]
[WhiteElo "2117"]
[BlackElo "2254"]
[PlyCount "52"]
[EventDate "2001.09.22"]
[EventType "team"]
[EventRounds "11"]
[EventCountry "ENG"]
[SourceTitle "CBM 084 Extra"]
[Source "ChessBase"]
[SourceDate "2001.10.26"]
[SourceVersion "1"]
[SourceVersionDate "2001.10.26"]
[SourceQuality "1"]
[WhiteTeam "Barbican II"]
[BlackTeam "Bristol"]
[WhiteTeamCountry "ENG"]
[BlackTeamCountry "ENG"]

1. e4 c5 2. Nc3 Nc6 3. f4 e6 4. Nf3 d5 5. Bb5 Nge7 6. Ne5 a6 7. Bxc6+ Nxc6 8. Nxc6 bxc6 9. Qf3 Be7 10. 0-0 f5 11. e5 0-0 12. b3 a5 13. Na4 Ba6 14. d3 Bb5 15. Nb2 a4 16. bxa4 Bxa4 17. c4 Bb3 18. a3 dxc4 19. dxc4 Bxc4 20. Nxc4 Qd4+ 21. Be3 Qxc4 22. Qxc6 Qd5 23. Qc7 Qd8 24. Qxd8 Rfxd8 25. Rfc1 Ra4 26. Bxc5 Bxc5+ 1/2-1/2

[Event "EU-ch U18 Girls"]
[Site "Chalkidiki"]
[Date "2001.09.07"]
[Round "7"]
[White "Urosevic, Marija"]
[Black "Rutherford, Elaine"]
[Result "1-0"]
[WhiteElo "2043"]
[BlackElo "2117"]
[PlyCount "51"]
[EventDate "2001.08.31"]
[EventType "swiss"]
[EventRounds "9"]
[EventCountry "GRE"]
[SourceTitle "EXT 2002"]
[Source "ChessBase"]
[SourceDate "2001.11.25"]
[SourceVersion "1"]
[SourceVersionDate "2001.11.25"]
[SourceQuality "1"]

1. d4 d5 2. Nf3 c6 3. c4 e6 4. Nc3 Nf6 5. Bg5 dxc4 6. e4 b5 7. a4 Bb4 8. e5 h6 9. exf6 hxg5 10. fxg7 Rg8 11. g3 Nd7 12. Bg2 Bb7 13. h4 gxh4 14. Rxh4 Qf6 15. Nd2 Rb8 16. axb5 cxb5 17. Bxb7 Rxb7 18. Rf4 Qxg7 19. Qf3 Rb8 20. Rxa7 Ke7 21. Rxd7+ Kxd7 22. Rxf7+ Qxf7 23. Qxf7+ Be7 24. d5 exd5 25. Nxd5 Kd6 26. Ne4+ 1-0

[Event "EU-ch U18 Girls"]
[Site "Chalkidiki"]
[Date "2001.09.06"]
[Round "6"]
[White "Rutherford, Elaine"]
[Black "Fliter, Irena"]
[Result "1/2-1/2"]
[WhiteElo "2117"]
[BlackElo "2110"]
[PlyCount "81"]
[EventDate "2001.08.31"]
[EventType "swiss"]
[EventRounds "9"]
[EventCountry "GRE"]
[SourceTitle "EXT 2002"]
[Source "ChessBase"]
[SourceDate "2001.11.25"]
[SourceVersion "1"]
[SourceVersionDate "2001.11.25"]
[SourceQuality "1"]

1. e4 c5 2. Nc3 e6 3. f4 Nf6 4. Nf3 d5 5. Bb5+ Bd7 6. Bxd7+ Nbxd7 7. d3 Nb8 8. 0-0 Nc6 9. f5 Be7 10. fxe6 fxe6 11. Ng5 Qd7 12. Nxe6 Qxe6 13. exd5 Qd7 14. dxc6 bxc6 15. Bg5 0-0 16. Bxf6 Bxf6 17. Kh1 Rab8 18. Rb1 Bxc3 19. bxc3 Rxf1+ 20. Qxf1 Rxb1 21. Qxb1 Qe8 22. Qg1 Qe6 23. Qb1 Qe5 24. h3 h6 25. Qa1 Qe2 26. Qc1 Qe6 27. a3 Qe2 28. d4 c4 29. Kh2 Kf7 30. Kg1 Kg8 31. Kh2 Kh7 32. a4 a5 33. Kg3 Kh8 34. Kh2 Kh7 35. Kg1 Kh8 36. Qf1 Qe3+ 37. Kh2 Qxc3 38. Qf8+ Kh7 39. Qf5+ Kh8 40. Qe4 Qb2 41. Qe8+ 1/2-1/2

[Event "BCF-ch 88th"]
[Site "Scarborough"]
[Date "2001.08.04"]
[Round "6"]
[White "Willmoth, Robert"]
[Black "Rutherford, Elaine"]
[Result "0-1"]
[WhiteElo "2239"]
[BlackElo "2117"]
[PlyCount "70"]
[EventDate "2001.07.30"]
[EventType "swiss"]
[EventRounds "11"]
[EventCountry "ENG"]
[SourceTitle "CBM 083 Extra"]
[Source "ChessBase"]
[SourceDate "2001.09.11"]
[SourceVersion "1"]
[SourceVersionDate "2001.09.11"]
[SourceQuality "1"]

1. e4 d5 2. exd5 Nf6 3. c4 e6 4. dxe6 Bxe6 5. Be2 Bc5 6. Nf3 Nc6 7. 0-0 0-0 8. Nc3 Bf5 9. a3 a5 10. Nb5 Bd3 11. b3 Bxe2 12. Qxe2 Re8 13. Qd1 Nd4 14. Nbxd4 Bxd4 15. Ra2 Ne4 16. Rc2 Re6 17. d3 Nc3 18. Rxc3 Bxc3 19. d4 Rd6 20. Be3 Bb2 21. a4 Bxd4 22. Nxd4 c5 23. Qf3 cxd4 24. Bd2 Qd7 25. h3 Qc6 26. Qd3 Rg6 27. g3 Qd7 28. h4 h6 29. Kh2 Rf6 30. Bf4 Re6 31. Rd1 Rd8 32. c5 b6 33. Bd2 Qd5 34. Rc1 bxc5 35. Bxa5 c4 0-1

[Event "BCF-ch 88th"]
[Site "Scarborough"]
[Date "2001.08.01"]
[Round "3"]
[White "Trent, Lawrence"]
[Black "Rutherford, Elaine"]
[Result "1/2-1/2"]
[WhiteElo "2249"]
[BlackElo "2117"]
[PlyCount "100"]
[EventDate "2001.07.30"]
[EventType "swiss"]
[EventRounds "11"]
[EventCountry "ENG"]
[SourceTitle "CBM 083 Extra"]
[Source "ChessBase"]
[SourceDate "2001.09.11"]
[SourceVersion "1"]
[SourceVersionDate "2001.09.11"]
[SourceQuality "1"]

1. e4 d5 2. exd5 Nf6 3. Nf3 Nxd5 4. d4 Bf5 5. Bd3 Bxd3 6. Qxd3 c6 7. c4 Nb6 8. 0-0 e6 9. Re1 Be7 10. Nc3 0-0 11. b3 Bf6 12. Ne4 N8d7 13. Nxf6+ Nxf6 14. Bb2 Qc7 15. Rac1 Rfd8 16. Qe3 Nbd7 17. Qg5 h6 18. Qh4 Qa5 19. a3 Qf5 20. h3 Rac8 21. Re3 Nf8 22. Ne5 Qh5 23. Qf4 Qg5 24. Qxg5 hxg5 25. Rce1 N6d7 26. Nd3 b5 27. Rg3 f6 28. f4 bxc4 29. bxc4 gxf4 30. Nxf4 Nb6 31. Nh5 Nxc4 32. Bc3 Nxa3 33. Nxg7 Kf7 34. Nh5 Ng6 35. Ba5 Rd5 36. Rxa3 Rxh5 37. Bc3 Rc7 38. Rea1 Nf4 39. Rxa7 Rxa7 40. Rxa7+ Kg6 41. Kf1 Rf5 42. g4 Rd5 43. h4 c5 44. dxc5 Rxc5 45. Bd2 Rc4 46. Kf2 f5 47. h5+ Nxh5 48. gxh5+ Kxh5 49. Rg7 Rg4 50. Re7 Re4 1/2-1/2

[Event "SCO-ch"]
[Site "Aberdeen"]
[Date "2001.07.08"]
[Round "2"]
[White "Buchanan, Walter F"]
[Black "Rutherford, Elaine"]
[Result "1-0"]
[WhiteElo "2105"]
[BlackElo "2117"]
[PlyCount "57"]
[EventDate "2001.07.07"]
[EventType "swiss"]
[EventRounds "9"]
[EventCountry "SCO"]
[SourceTitle "CBM 083 Extra"]
[Source "ChessBase"]
[SourceDate "2001.09.11"]
[SourceVersion "1"]
[SourceVersionDate "2001.09.11"]
[SourceQuality "1"]

1. d4 d5 2. Nf3 Nf6 3. e3 Bg4 4. c4 Bxf3 5. Qxf3 e6 6. Nc3 c6 7. Bd3 Nbd7 8. 0-0 Bd6 9. e4 dxe4 10. Nxe4 Nxe4 11. Bxe4 Nf6 12. Bc2 Qc7 13. h3 Rd8 14. c5 Be7 15. Bf4 Qc8 16. Be5 0-0 17. Rfe1 Rfe8 18. Re3 Kf8 19. Rae1 b6 20. b4 Nd5 21. Qh5 Nf6 22. Qh4 h6 23. Rf3 Nd5 24. Bxg7+ Kxg7 25. Rxf7+ Kxf7 26. Qh5+ Kf8 27. Qxh6+ Kf7 28. Bg6+ Kf6 29. Bh5+ 1-0

[Event "SCO-ch"]
[Site "Aberdeen"]
[Date "2001.07.07"]
[Round "1"]
[White "Rutherford, Elaine"]
[Black "McNab, Colin Anderson"]
[Result "0-1"]
[WhiteElo "2117"]
[BlackElo "2437"]
[PlyCount "72"]
[EventDate "2001.07.07"]
[EventType "swiss"]
[EventRounds "9"]
[EventCountry "SCO"]
[SourceTitle "CBM 083 Extra"]
[Source "ChessBase"]
[SourceDate "2001.09.11"]
[SourceVersion "1"]
[SourceVersionDate "2001.09.11"]
[SourceQuality "1"]

1. d4 d6 2. e4 g6 3. Nc3 Bg7 4. Be3 Nf6 5. Qd2 c6 6. Bh6 Bxh6 7. Qxh6 Qa5 8. Bd3 c5 9. Nge2 cxd4 10. Nxd4 Qb6 11. 0-0-0 Nc6 12. Bb5 Bd7 13. Qe3 0-0-0 14. Nd5 Nxd5 15. exd5 Ne5 16. Be2 Qc5 17. Qb3 g5 18. h4 h6 19. h5 Kb8 20. Ba6 Qc7 21. Rhe1 Ka8 22. Be2 Rc8 23. f3 Qa5 24. Bb5 Bxb5 25. Nxb5 Rc5 26. Nd4 Rxd5 27. Nf5 Nd3+ 28. cxd3 Rxf5 29. Rxe7 Rb5 30. Qxf7 Rc8+ 31. Kb1 Rxb2+ 32. Kxb2 Qc3+ 33. Kb1 Qc2+ 34. Ka1 Qxd1+ 35. Kb2 Qc1+ 36. Kb3 Rc3+ 0-1